| 000 | 00809 a2200205 4500 | ||
|---|---|---|---|
| 003 | MN-UlNLM | ||
| 005 | 20220506103825.0 | ||
| 008 | a130t2013 mp ||||| |||| 00| mon d | ||
| 040 | _aМонгол Улсын Үндэсний номын сан | ||
| 084 |
_a78.5ц _2NNA _bМ 692 _q7 |
||
| 110 | _aСтандартчилал, хэмжилзүйн газар | ||
| 245 | 1 |
_aМонгол улсын стандарт: Номын сан, мэдээллийн байгууллагад мөрдөх стандартын эмхэтгэл _bАлбан хэвлэл |
|
| 260 | 1 |
_c2013 _aУБ _bСХЗГ. |
|
| 300 | _a278х | ||
| 546 | _aMongolia | ||
| 653 |
_aСоёл шинжлэх ухаан боловсрол _aНомзүй _aНомзүй судлал |
||
| 856 | _aprintbook | ||
| 942 | _cBK | ||
| 999 |
_c43607 _d43607 |
||